ბათუმის შოთა რუსთაველის სახელმწიფო უნივერსიტეტის ბიბლიოთეკა

ქართველურ ენათა ისტორიული მორფოლოგიის საკითხები : ზმნის პირი, რიცხვი, ინკლუზივ-ექსკლუზიევი. (ბიბ.ჩანაწერი № 52447)

000 -LEADER
fixed length control field 00861nam a2200217Ia 4500
001 - CONTROL NUMBER
control field 19470
003 - CONTROL NUMBER IDENTIFIER
control field GE_BSU
008 - FIXED-LENGTH DATA ELEMENTS--GENERAL INFORMATION
fixed length control field 181216s||||||||xx |||||||||||||| ||und||
040 ## - CATALOGING SOURCE
Transcribing agency GE_BSU
080 ## - UNIVERSAL DECIMAL CLASSIFICATION NUMBER
Universal Decimal Classification number 811.353'366
100 ## - MAIN ENTRY--PERSONAL NAME
Personal name ონიანი, ა.
245 ## - TITLE STATEMENT
Title ქართველურ ენათა ისტორიული მორფოლოგიის საკითხები : ზმნის პირი, რიცხვი, ინკლუზივ-ექსკლუზიევი.
245 ## - TITLE STATEMENT
Statement of responsibility, etc. რედ:ლ.კვინიკაძე
260 ## - PUBLICATION, DISTRIBUTION, ETC.
Place of publication, distribution, etc. თბილისი
260 ## - PUBLICATION, DISTRIBUTION, ETC.
Name of publisher, distributor, etc. განათლება
260 ## - PUBLICATION, DISTRIBUTION, ETC.
Date of publication, distribution, etc. 1978
300 ## - PHYSICAL DESCRIPTION
Extent 247გვ; 21სმ
653 ## - INDEX TERM--UNCONTROLLED
Uncontrolled term ქართველური ენების მორფოლოგია;
653 ## - INDEX TERM--UNCONTROLLED
Uncontrolled term ქართული ენა
942 ## - ADDED ENTRY ELEMENTS (KOHA)
Koha item type წიგნი
ეგზემპლარები
Withdrawn status Lost status Damaged status Not for loan Date acquired Barcode Date last seen Price effective from Koha item type
        2018-12-17 48480-2ლ.20თ. 2018-12-17 2018-12-17 წიგნი
        2018-12-17 48481-5ლ. 2018-12-17 2018-12-17 წიგნი